000 00939cam a22002411i 4500
003 SA_RiAUC
005 20250428072406.0
008 250428s2014 ua f f000 0 ara c
040 _aSA-JeALM
_bara
_cSA-RiAUC
_erda
082 0 4 _a189.19
_qSA-RiAUC
090 _a189.19
_b ز ق ز
100 1 _aزقزوق، محمود حمدي،
_d1933-
_eمؤلف.
245 1 0 _aهوامش على أزمة الفكر الإسلامي المعاصر :
_bنظرة نقدية /
_cمحمود حمدي زقزوق.
264 1 _aالقاهرة :
_bمجلة الأزهر،
_c2018
300 _a136 صفحة ؛
_c20 سم
336 _aنص
_btxt
_2rdacontent
_3كتاب
337 _aبدون وسيط
_bn
_2rdamedia
338 _aمجلد
_bnc
_2rdacarrier
504 _aيشتمل على إرجاعات ببليوجرافية.
650 7 _aالفلسفة الإسلامية
_2aucsh
942 _2ddc
_cBOOK
_n0
949 _aSA-JeALM
_d250428
_umohamedma123
_n1
999 _c7424
_d7424